000
00338pam a2200157a 44500
008
230405s1986 xxu||||| |||| 00| 0 eng d
041
_a
ENG
100
_a
Williams R.E.
245
_a
The Manual of Lotus 1-2-3
250
_a
1
260
_a
_b
BPB
_c
1986
300
_a
251 P, 24 CM
440
_a
80
690
_a
IMRDA
906
_a
570
999
_c
253429
_d
253429